000 00729nam a2200253 a 4500
001 000006863
003 DO-SdBNP
005 20221025092747.0
007 ta
008 090903s1981 dr 001 0 spa d
040 _aDO-SdBNP
_bspa
_cBNPHU
082 4 _a346.07
_bT273p
_222
100 1 _aTellado hijo, Antonio
_919055
245 1 0 _aPráctica de derecho comercial /
_cAntonio Tellado hijo,.
250 _a4ta. ed.
260 _aSanto Domingo :
_bImprenta de Calidad
_c1981.
300 _a309 p. ;
_c23 cm.
505 _aSuplemento con 8 páginas
590 _aInventariado, 2022 / DG
650 4 _aDerecho comercial
_zRepública Dominicana
_914449
650 4 _aCompañias
_919056
910 _aDG
942 _2ddc
_cLBS1
999 _c52628
_d52628